Just grammar elementary (Record no. 224860)

MARC details
000 -LEADER
fixed length control field 00538nam a2200181Ia 4500
008 - FIXED-LENGTH DATA ELEMENTS--GENERAL INFORMATION
fixed length control field 191130s2009##################000#0#eng##
020 ## - INTERNATIONAL STANDARD BOOK NUMBER
ISBN 9788130911076
082 ## - DEWEY DECIMAL CLASSIFICATION NUMBER
Classification number 420.9 LET
100 ## - MAIN ENTRY--AUTHOR NAME
Personal name Lethaby, Carol
245 ## - TITLE STATEMENT
Title Just grammar elementary
Statement of responsibility, etc Carol Lethaby, Ana Acevedo, Jeremy Harmer, with cheryl pelteret
260 ## - PUBLICATION, DISTRIBUTION, ETC. (IMPRINT)
Place of publication Chennai
Name of publisher Viva Books Private Limited
Year of publication 2009
300 ## - PHYSICAL DESCRIPTION
Number of Pages 88 p. :( col). ill
650 ## - SUBJECT ADDED ENTRY--TOPICAL TERM
Topical Term Grammar
991 ## -
-- 27044
Holdings
Withdrawn status Lost status Damaged status Not for loan Home library Current library Date acquired Full call number Accession Number Price effective from Koha item type
        Anna Centenary Library Anna Centenary Library 13.10.2020 420.9 LET 313172 13.10.2020 English Books

Find us on the map